[Event "Aragon-chT Preferente B"]
[Site "Aragon"]
[Date "2017.03.18"]
[Round "8.58"]
[White "Vera Aranjuelo, Jesus Maria"]
[Black "Castillo Sanjuan, Alejandro"]
[Result "0-1"]
[WhiteElo "2029"]
[BlackElo "2045"]
[PlyCount "98"]
[EventDate "2017.01.28"]
[EventType "team-tourn"]
[EventRounds "9"]
[EventCountry "ESP"]
[SourceTitle "EXT 2018"]
[Source "ChessBase"]
[SourceDate "2017.10.13"]
[SourceVersion "1"]
[SourceVersionDate "2017.10.13"]
[SourceQuality "1"]
[WhiteTeam "Caissa Hermanos Cortes"]
[BlackTeam "Palacio de Pioneros II"]
[WhiteTeamCountry "ESP"]
[BlackTeamCountry "ESP"]

1. d4 Nf6 2. Nf3 g6 3. Bf4 Bg7 4. e3 0-0 5. Be2 d6 6. h3 Nbd7 7. 0-0 Qe8 8. Bh2 e5 9. c4 Ne4 10. Nbd2 f5 11. Rc1 Nxd2 12. Qxd2 e4 13. Ne1 Nf6 14. c5 dxc5 15. Rxc5 c6 16. b4 Bd7 17. Bd6 Rf7 18. Bc4 Be6 19. Qc2 Nd5 20. b5 Rd8 21. Bh2 Bf8 22. Bxd5 Bxd5 23. bxc6 Bxc5 24. c7 Rc8 25. Qxc5 Qe6 26. Nc2 b6 27. Qa3 a5 28. Ra1 g5 29. Be5 f4 30. Qd6 Qxd6 31. Bxd6 Rf6 32. Be5 Rc6 33. Na3 R8xc7 34. Bxc7 Rxc7 35. Nb5 Rc2 36. a3 Bc4 37. Rb1 Bd3 38. Rb3 Rc1+ 39. Kh2 Rf1 40. exf4 gxf4 41. Nc7 Rxf2 42. d5 f3 43. d6 Rxg2+ 44. Kh1 f2 45. Rb1 Rg6 46. d7 Rd6 47. Ne8 Bxb1 48. Nxd6 f1Q+ 49. Kh2 Qf4+ 0-1

[Event "Aragon-chT Honor Titulo"]
[Site "Aragon"]
[Date "2012.03.31"]
[Round "9.15"]
[White "Castillo Sanjuan, Alejandro"]
[Black "Latorre Abad, Fernando"]
[Result "0-1"]
[WhiteElo "2044"]
[BlackElo "2100"]
[PlyCount "104"]
[EventDate "2012.02.04"]
[EventType "team-tourn"]
[EventRounds "11"]
[EventCountry "ESP"]
[SourceTitle "EXT 2014"]
[Source "ChessBase"]
[SourceDate "2013.11.20"]
[SourceVersion "1"]
[SourceVersionDate "2013.11.20"]
[SourceQuality "1"]
[WhiteTeam "IberCaja"]
[BlackTeam "Aragon ONCE"]
[WhiteTeamCountry "ESP"]
[BlackTeamCountry "ESP"]

1. e4 e5 2. Nc3 Nf6 3. f4 d5 4. fxe5 Nxe4 5. Nf3 Be7 6. d3 Nxc3 7. bxc3 0-0 8. Be2 c5 9. d4 cxd4 10. cxd4 Bf5 11. 0-0 Qc7 12. Bd3 Bxd3 13. Qxd3 h6 14. Bd2 Nd7 15. Rab1 Qc6 16. Qb5 Nb6 17. Qxc6 bxc6 18. Bb4 Rfe8 19. Bxe7 Rxe7 20. Nh4 Nc4 21. Nf5 Rd7 22. Rbe1 Kh7 23. e6 fxe6 24. Rxe6 Rc8 25. h4 Nd2 26. Rfe1 Ne4 27. Kh2 Rf8 28. Ng3 Rf4 29. Nxe4 Rxh4+ 30. Kg3 Rxe4 31. R1xe4 dxe4 32. Rxe4 Kg6 33. Kf4 Kf6 34. Ke3 Re7 35. c4 Rxe4+ 36. Kxe4 Ke6 37. g4 g6 38. Kf4 a5 39. a4 Kf6 40. Ke4 h5 41. g5+ Ke6 42. Kf4 Kd6 43. Ke4 Ke6 44. Kf4 h4 45. Kg4 h3 46. Kxh3 Kf5 47. Kg3 Kxg5 48. d5 cxd5 49. cxd5 Kf5 50. Kh4 Ke5 51. Kg5 Kxd5 52. Kxg6 Kc4 0-1

[Event "Aragon-chT Honor Titulo"]
[Site "Aragon"]
[Date "2012.03.24"]
[Round "8.15"]
[White "Hernando Garcia, Antonio"]
[Black "Castillo Sanjuan, Alejandro"]
[Result "1-0"]
[WhiteElo "2219"]
[BlackElo "2044"]
[PlyCount "137"]
[EventDate "2012.02.04"]
[EventType "team-tourn"]
[EventRounds "11"]
[EventCountry "ESP"]
[SourceTitle "EXT 2014"]
[Source "ChessBase"]
[SourceDate "2013.11.20"]
[SourceVersion "1"]
[SourceVersionDate "2013.11.20"]
[SourceQuality "1"]
[WhiteTeam "Olivar"]
[BlackTeam "IberCaja"]
[WhiteTeamCountry "ESP"]
[BlackTeamCountry "ESP"]

1. c4 e5 2. g3 g6 3. Bg2 Bg7 4. Nc3 f5 5. d3 h6 6. Rb1 d6 7. Nf3 Nf6 8. b4 Nc6 9. b5 Ne7 10. a4 0-0 11. Qb3 Be6 12. Ba3 Rb8 13. Nd2 g5 14. Nd5 Bxd5 15. cxd5 Qe8 16. a5 b6 17. axb6 axb6 18. Rc1 Rc8 19. e4 Qh5 20. h3 Qf7 21. 0-0 g4 22. exf5 Nxf5 23. Bb2 h5 24. Ne4 Bh6 25. Nxf6+ Qxf6 26. Rce1 Rce8 27. hxg4 hxg4 28. Qd1 Re7 29. Re4 Rh7 30. Rxg4+ Bg7 31. Bc1 Kh8 32. Be4 Bh6 33. Bxf5 Qxf5 34. Rh4 Bxc1 35. Rxh7+ Kxh7 36. Qxc1 Rf7 37. Qe3 Kg8 38. Qe4 Qf6 39. Qg4+ Kf8 40. Kg2 Ke7 41. f3 Qh6 42. Qh4+ Qxh4 43. gxh4 Kf6 44. Rc1 Kf5 45. Rc4 Rg7+ 46. Kh2 Re7 47. Kh3 Rh7 48. Kg3 Re7 49. Rg4 Kf6 50. Rg8 Kf7 51. Rc8 Kf6 52. Rg8 Kf7 53. Rg5 Re8 54. h5 Kf6 55. Kg4 Ra8 56. Rf5+ Kg7 57. Kg5 Rh8 58. f4 exf4 59. Rxf4 Ra8 60. h6+ Kh8 61. Rf7 Ra1 62. Rxc7 Rd1 63. Kg6 Rg1+ 64. Kf6 Rd1 65. Rb7 Rxd3 66. Ke6 Rh3 67. Kxd6 Rxh6+ 68. Kc7 Kg8 69. d6 1-0

[Event "Aragon-chT Honor GrB "]
[Site "Aragon"]
[Date "2012.03.03"]
[Round "5.27"]
[White "Ballonga Arruebo, Alejandro"]
[Black "Castillo Sanjuan, Alejandro"]
[Result "0-1"]
[WhiteElo "1704"]
[BlackElo "2044"]
[PlyCount "85"]
[EventDate "2012.02.04"]
[EventType "team-tourn"]
[EventRounds "7"]
[EventCountry "ESP"]
[SourceTitle "EXT 2014"]
[Source "ChessBase"]
[SourceDate "2013.11.20"]
[SourceVersion "1"]
[SourceVersionDate "2013.11.20"]
[SourceQuality "1"]
[WhiteTeam "Shatranj"]
[BlackTeam "IberCaja"]
[WhiteTeamCountry "ESP"]
[BlackTeamCountry "ESP"]

1. c4 e5 2. Nc3 g6 3. Nf3 Bg7 4. d4 exd4 5. Nxd4 Nf6 6. e4 d6 7. Be2 0-0 8. Be3 Na6 9. Nb3 Re8 10. f3 b6 11. Qd2 Nc5 12. Nd4 Ne6 13. h4 Nxd4 14. Bxd4 Be6 15. g4 c6 16. h5 Re7 17. 0-0-0 Rc8 18. h6 Bh8 19. g5 Ne8 20. Bxh8 Kxh8 21. Kb1 Rd7 22. Qd4+ Kg8 23. f4 Qe7 24. Nd5 cxd5 25. cxd5 Bf5 26. Bb5 Qxe4+ 27. Qxe4 Bxe4+ 28. Ka1 Rdd8 29. Rhe1 Bf5 30. Re7 Kf8 31. Rde1 Be6 32. Rxe8+ Rxe8 33. Bxe8 Rxe8 34. dxe6 fxe6 35. Rc1 e5 36. fxe5 dxe5 37. Rc7 Re7 38. Rc8+ Kf7 39. Kb1 Ke6 40. Rf8 e4 41. Kc2 Rd7 42. Rg8 e3 43. Rg7 0-1

[Event "Aragon-chT Honor GrB "]
[Site "Aragon"]
[Date "2012.02.04"]
[Round "1.19"]
[White "Castillo Sanjuan, Alejandro"]
[Black "Fontana Sotomayour, Luis Javier"]
[Result "1/2-1/2"]
[WhiteElo "2044"]
[BlackElo "2345"]
[PlyCount "108"]
[EventDate "2012.02.04"]
[EventType "team-tourn"]
[EventRounds "7"]
[EventCountry "ESP"]
[SourceTitle "EXT 2014"]
[Source "ChessBase"]
[SourceDate "2013.11.20"]
[SourceVersion "1"]
[SourceVersionDate "2013.11.20"]
[SourceQuality "1"]
[WhiteTeam "IberCaja"]
[BlackTeam "Jaime Casas"]
[WhiteTeamCountry "ESP"]
[BlackTeamCountry "ESP"]

1. e4 c6 2. d4 d5 3. e5 Bf5 4. Nc3 e6 5. g4 Bg6 6. Nge2 f6 7. Nf4 fxe5 8. Nxg6 hxg6 9. dxe5 Nd7 10. Bf4 Qb6 11. Qd3 0-0-0 12. 0-0-0 Qxf2 13. Bg3 Qb6 14. Qxg6 Ne7 15. Qxe6 Rh6 16. Qf7 Qe3+ 17. Kb1 Nxe5 18. Qf4 Qxf4 19. Bxf4 Re6 20. g5 N7g6 21. Bg3 Ree8 22. Bh3+ Kc7 23. Rhf1 Bd6 24. Ne2 Nf3 25. Rxf3 Rxe2 26. Rf7+ Re7 27. Bxd6+ Rxd6 28. Rxe7+ Nxe7 29. Rf1 Rg6 30. Re1 Kd8 31. Re5 Rd6 32. Bg4 Ng6 33. Re1 d4 34. b3 Rd5 35. Rd1 c5 36. Bf3 Rxg5 37. Bxb7 Kc7 38. Be4 Ne5 39. Rd2 a5 40. Rf2 Rg4 41. Bf5 Rg1+ 42. Kb2 c4 43. bxc4 Nxc4+ 44. Kb3 Nd6 45. Bd3 Rb1+ 46. Ka3 Nb5+ 47. Bxb5 Rxb5 48. Rf7+ Kb6 49. Rxg7 Rh5 50. Rg2 Kb5 51. Kb3 a4+ 52. Kb2 Rh3 53. a3 Kc4 54. Rd2 Kc5 1/2-1/2

[Event "Zaragoza Casablanca op 5th"]
[Site "Zaragoza"]
[Date "2011.12.30"]
[Round "8"]
[White "Lopez Gracia, Fernando"]
[Black "Castillo Sanjuan, Alejandro"]
[Result "1-0"]
[WhiteElo "2336"]
[BlackElo "2037"]
[PlyCount "59"]
[EventDate "2011.12.23"]
[EventType "swiss"]
[EventRounds "9"]
[EventCountry "ESP"]
[SourceTitle "CBM 146 Extra"]
[Source "ChessBase"]
[SourceDate "2012.02.29"]
[SourceVersion "1"]
[SourceVersionDate "2012.02.29"]
[SourceQuality "1"]

1. Nf3 d6 2. d4 Nf6 3. c4 g6 4. Nc3 Bg7 5. e4 0-0 6. Be2 Nbd7 7. 0-0 e5 8. Re1 a5 9. Bf1 Re8 10. dxe5 Nxe5 11. Nxe5 Rxe5 12. Bf4 Re8 13. Qd2 Be6 14. Rad1 Ng4 15. f3 Ne5 16. b3 Nc6 17. Nd5 Kh8 18. Kh1 Nd4 19. Bg5 f6 20. Nxf6 Nxf3 21. Nxe8 Nxg5 22. Nxg7 Kxg7 23. e5 Bf5 24. exd6 cxd6 25. Qxd6 Qxd6 26. Rxd6 Ne4 27. Rd4 Nc3 28. Bd3 Nxa2 29. Bxf5 gxf5 30. Rd7+ 1-0

[Event "Aragon-chT Honor II"]
[Site "Spain"]
[Date "2011.02.19"]
[Round "3.23"]
[White "Cerrajeria Ruiz, Jesus Maria"]
[Black "Castillo Sanjuan, Alejandro"]
[Result "1/2-1/2"]
[WhiteElo "2149"]
[BlackElo "1967"]
[PlyCount "31"]
[EventDate "2011.02.05"]
[EventType "team-tourn"]
[EventRounds "7"]
[EventCountry "ESP"]
[SourceTitle "EXT 2013"]
[Source "ChessBase"]
[SourceDate "2012.11.22"]
[SourceVersion "1"]
[SourceVersionDate "2012.11.22"]
[SourceQuality "1"]
[WhiteTeam "Shatranj"]
[BlackTeam "IberCaja II"]
[WhiteTeamCountry "ESP"]
[BlackTeamCountry "ESP"]

1. a3 e5 2. e4 Nf6 3. Nc3 d5 4. exd5 Nxd5 5. Qh5 Qd6 6. Bc4 c6 7. Nf3 Nd7 8. d4 g6 9. Qh4 Bg7 10. Ne4 Qe7 11. Bg5 f6 12. Bd2 exd4 13. 0-0-0 Ne5 14. Bxd5 cxd5 15. Bb4 Nxf3 16. gxf3 1/2-1/2

[Event "ESP-ch U16"]
[Site "Linares"]
[Date "2010.07.20"]
[Round "2"]
[White "Ladron de Guevara Pinto, Paolo"]
[Black "Castillo Sanjuan, Alejandro"]
[Result "1-0"]
[WhiteElo "2141"]
[BlackElo "1955"]
[PlyCount "80"]
[EventDate "2010.07.20"]
[EventType "swiss"]
[EventRounds "9"]
[EventCountry "ESP"]
[SourceTitle "CBM 137 Extra"]
[Source "ChessBase"]
[SourceDate "2010.09.01"]
[SourceVersion "1"]
[SourceVersionDate "2010.09.01"]
[SourceQuality "1"]

1. e4 c5 2. Nf3 d6 3. d4 cxd4 4. Nxd4 Nf6 5. Nc3 e6 6. Be3 Be7 7. f3 0-0 8. Qd2 Nc6 9. 0-0-0 a6 10. g4 Qc7 11. h4 b5 12. Nxc6 Qxc6 13. Bd3 b4 14. Ne2 e5 15. Kb1 Be6 16. h5 Rab8 17. Ng3 d5 18. g5 Nd7 19. exd5 Qxd5 20. Bxh7+ Kxh7 21. Qxd5 Bxd5 22. Rxd5 Nb6 23. Rd3 Nc4 24. Nf5 Nxe3 25. Nxe7 Rb7 26. Nc6 Nc4 27. Nd8 Rc7 28. g6+ fxg6 29. Ne6 Rcc8 30. Nxf8+ Rxf8 31. hxg6+ Kxg6 32. Rg1+ Kf6 33. Kc1 Rc8 34. b3 Na3 35. c4 bxc3 36. Rd6+ Kf5 37. Re1 Rh8 38. Rxa6 Nb5 39. Ra5 Rb8 40. Re4 Nd4 1-0

[Event "Aragon-ch U16"]
[Site "Zaragoza"]
[Date "2010.03.28"]
[Round "1.4"]
[White "Zaro Aznar, Eva"]
[Black "Castillo Sanjuan, Alejandro"]
[Result "0-1"]
[WhiteElo "1493"]
[BlackElo "1958"]
[PlyCount "34"]
[EventDate "2010.03.28"]
[EventType "swiss"]
[EventRounds "8"]
[EventCountry "ESP"]
[SourceTitle "EXT 2024"]
[Source "ChessBase"]
[SourceDate "2023.10.10"]
[SourceVersion "1"]
[SourceVersionDate "2023.10.10"]
[SourceQuality "1"]

1. e4 c5 2. Nf3 d6 3. d4 cxd4 4. Nxd4 Nf6 5. Nc3 e6 6. Be3 Be7 7. Qd2 0-0 8. 0-0-0 Nc6 9. f4 a6 10. h3 Qc7 11. g3 b5 12. Bg2 Nxd4 13. Bxd4 b4 14. Ne2 e5 15. Be3 Bb7 16. Qxb4 Rfc8 17. Rhg1 Qxc2# 0-1

[Event "Aragon-chT Preferente"]
[Site "Spain"]
[Date "2010.03.13"]
[Round "8.3"]
[White "Moreno Gracia, Daniel"]
[Black "Castillo Sanjuan, Alejandro"]
[Result "1-0"]
[WhiteElo "2246"]
[BlackElo "1967"]
[PlyCount "189"]
[EventDate "2010.01.23"]
[EventType "team-swiss"]
[EventRounds "12"]
[EventCountry "ESP"]
[SourceTitle "EXT 2013"]
[Source "ChessBase"]
[SourceDate "2012.11.22"]
[SourceVersion "1"]
[SourceVersionDate "2012.11.22"]
[SourceQuality "1"]
[WhiteTeam "St Casablanca"]
[BlackTeam "IberCaja VI"]
[WhiteTeamCountry "ESP"]
[BlackTeamCountry "ESP"]

1. Nf3 d6 2. d4 Nf6 3. b3 g6 4. Bb2 Bg7 5. g3 Bg4 6. Bg2 Qc8 7. h3 Bd7 8. c4 0-0 9. Nc3 Re8 10. e4 e5 11. d5 a5 12. g4 Na6 13. 0-0 h5 14. g5 Nh7 15. Kh2 Qd8 16. Bc1 f6 17. gxf6 Bxf6 18. Be3 Kh8 19. Ne1 Qe7 20. Nd3 Rg8 21. Rc1 Nb4 22. a3 Nxd3 23. Qxd3 g5 24. Nb5 g4 25. Bd2 gxh3 26. Bh1 Raf8 27. Nxc7 Bg5 28. Bxg5 Qxg5 29. Qe3 Qh4 30. Ne6 Bxe6 31. dxe6 Rf4 32. Rc2 Rgf8 33. Qg3 Qxg3+ 34. Kxg3 Rg4+ 35. Kh2 Ng5 36. Rd2 Nxe6 37. Rxd6 Nf4 38. Bf3 Rg5 39. Rg1 Rxg1 40. Kxg1 Kg7 41. Rb6 Rf7 42. Rb5 Nd3 43. Be2 h2+ 44. Kh1 Nxf2+ 45. Kxh2 Nxe4 46. Bxh5 Re7 47. Bf3 Nd6 48. Rb6 Rd7 49. Kg3 Kf7 50. c5 Nf5+ 51. Kg4 Nd4 52. Bxb7 Rc7 53. b4 axb4 54. axb4 Ke7 55. Bd5 Kd7 56. Kg5 Nc2 57. Kf5 Nxb4 58. Rxb4 Rxc5 59. Kxe5 Rc1 60. Rb7+ Ke8 61. Bf7+ Kd8 62. Kd6 Rd1+ 63. Bd5 Rc1 64. Rg7 Re1 65. Rd7+ Ke8 66. Rh7 Kd8 67. Ra7 Rc1 68. Ra4 Rc2 69. Ra8+ Rc8 70. Ra1 Rc2 71. Rh1 Re2 72. Rh7 Re1 73. Rd7+ Ke8 74. Rb7 Kf8 75. Be6 Rd1+ 76. Ke5 Re1+ 77. Kf6 Rf1+ 78. Bf5 Re1 79. Bg6 Rf1+ 80. Kg5 Rg1+ 81. Kh6 Rf1 82. Rh7 Rh1+ 83. Bh5 Rf1 84. Ra7 Rf6+ 85. Bg6 Rf1 86. Kg5 Rg1+ 87. Kf6 Rf1+ 88. Bf5 Re1 89. Rh7 Rg1 90. Rf7+ Ke8 91. Rh7 Kf8 92. Rf7+ Ke8 93. Rd7 Rf1 94. Rd2 Re1 95. Bg6+ 1-0

[Event "Aragon-chT Preferente"]
[Site "Spain"]
[Date "2010.01.23"]
[Round "1.24"]
[White "Requena Munguira, Jorge"]
[Black "Castillo Sanjuan, Alejandro"]
[Result "1/2-1/2"]
[WhiteElo "1900"]
[BlackElo "1967"]
[PlyCount "105"]
[EventDate "2010.01.23"]
[EventType "team-swiss"]
[EventRounds "12"]
[EventCountry "ESP"]
[SourceTitle "EXT 2013"]
[Source "ChessBase"]
[SourceDate "2012.11.22"]
[SourceVersion "1"]
[SourceVersionDate "2012.11.22"]
[SourceQuality "1"]
[WhiteTeam "El Olivar II"]
[BlackTeam "IberCaja VI"]
[WhiteTeamCountry "ESP"]
[BlackTeamCountry "ESP"]

1. d4 Nf6 2. c4 g6 3. Nc3 Bg7 4. e4 d6 5. Nf3 0-0 6. h3 e5 7. d5 Nbd7 8. Bd3 a5 9. Be3 Nc5 10. Rb1 Nfd7 11. a3 f5 12. b4 Na6 13. Qb3 Nf6 14. Rc1 fxe4 15. Nxe4 Nh5 16. Bg5 Qe8 17. c5 h6 18. Be3 Bf5 19. cxd6 Bxe4 20. Bxe4 cxd6 21. bxa5 Nf6 22. Nd2 Nd7 23. 0-0 Nac5 24. Qb5 g5 25. Bb1 Rf6 26. Ne4 Nxe4 27. Bxe4 Nc5 28. Qxe8+ Rxe8 29. Bxc5 dxc5 30. Rxc5 Ra6 31. Rd1 Bf8 32. Rc7 Rd8 33. Rxb7 Rxa5 34. Rb6 Rxa3 35. d6 Ra4 36. Bf5 Rd4 37. Rxd4 exd4 38. d7 Kf7 39. Kf1 Bg7 40. Rc6 Ke7 41. Re6+ Kf7 42. Rc6 Ke7 43. Ke2 Bf6 44. Kd3 Bg7 45. Ke4 Rf8 46. Re6+ Kf7 47. f4 gxf4 48. Kxf4 Bf6 49. g4 Rd8 50. h4 d3 51. Rd6 Bxh4 52. Rxd3 Bg5+ 53. Ke4 1/2-1/2

[Event "Aragon-chT"]
[Site "Aragon"]
[Date "2009.03.14"]
[Round "7"]
[White "Castillo Sanjuan, Alejandro"]
[Black "Labena Bernal, Antonio"]
[Result "0-1"]
[WhiteElo "1999"]
[BlackElo "2002"]
[PlyCount "48"]
[EventDate "2009.01.24"]
[EventType "team-swiss"]
[EventRounds "9"]
[EventCountry "ESP"]
[SourceTitle "EXT 2011"]
[Source "ChessBase"]
[SourceDate "2010.11.26"]
[SourceVersion "1"]
[SourceVersionDate "2010.11.26"]
[SourceQuality "1"]

1. d4 Nf6 2. c4 e6 3. Nc3 d5 4. Bg5 Be7 5. Nf3 h6 6. Bh4 0-0 7. e3 b6 8. Rc1 Bb7 9. a3 a6 10. cxd5 Nxd5 11. Bxe7 Qxe7 12. Bd3 Rc8 13. Bb1 Nd7 14. 0-0 N7f6 15. Na4 Nd7 16. Qd3 N5f6 17. Nc3 c5 18. Rfd1 Re8 19. Qe2 e5 20. dxc5 Nxc5 21. b4 Bxf3 22. Qxf3 e4 23. Qf4 Nd3 24. Bxd3 exd3 0-1

[Event "Aragon-chT"]
[Site "Aragon"]
[Date "2009.02.21"]
[Round "4"]
[White "Castillo Sanjuan, Alejandro"]
[Black "Gomez Calomarde, Saul"]
[Result "1/2-1/2"]
[WhiteElo "1999"]
[BlackElo "1945"]
[PlyCount "133"]
[EventDate "2009.01.24"]
[EventType "team-swiss"]
[EventRounds "9"]
[EventCountry "ESP"]
[SourceTitle "EXT 2011"]
[Source "ChessBase"]
[SourceDate "2010.11.26"]
[SourceVersion "1"]
[SourceVersionDate "2010.11.26"]
[SourceQuality "1"]

1. d4 Nf6 2. c4 c5 3. d5 b5 4. Nd2 bxc4 5. Nxc4 d6 6. Qc2 g6 7. e4 Bg7 8. Nf3 0-0 9. Be2 Nbd7 10. 0-0 Rb8 11. h3 Ba6 12. Rb1 Bxc4 13. Bxc4 Nb6 14. Ba6 Nfd7 15. Re1 c4 16. Be3 Qc7 17. b3 Nc5 18. Bxc4 Nca4 19. Bd4 Rfc8 20. Bxg7 Kxg7 21. Nd4 Nxc4 22. bxc4 Rxb1 23. Qxb1 Qxc4 24. Nc6 Rc7 25. Qb8 Rd7 26. Nxa7 Nc3 27. Nc6 Nxe4 28. Qb3 Qxb3 29. axb3 Nc3 30. Nxe7 Rb7 31. Nc8 Rxb3 32. Nxd6 Nxd5 33. Re5 Rd3 34. Ne8+ Kf8 35. Kf1 h5 36. g3 h4 37. gxh4 Nf4 38. Nf6 Rxh3 39. Kg1 Rxh4 40. Re3 Ne6 41. Ne4 Nd4 42. Kg2 Nf5 43. Re1 Kg7 44. f3 Rh8 45. Rc1 Ra8 46. Rc7 Ra5 47. Kh3 Ne3 48. Kg3 g5 49. Rc5 Rxc5 50. Nxc5 f5 51. Nb3 Kf6 52. Nd4 Ke5 53. Nc6+ Kd6 54. Nd4 f4+ 55. Kf2 Kd5 56. Ne2 Ke5 57. Nc3 Kf5 58. Ne2 Ke5 59. Nc3 Kd4 60. Ne4 g4 61. Ng5 g3+ 62. Ke2 Ke5 63. Ne4 Nd5 64. Nc5 Nc3+ 65. Kf1 Kd5 66. Nd3 Kd4 67. Nxf4 1/2-1/2

[Event "Aragon-ch"]
[Site "Aragon"]
[Date "2008.08.24"]
[Round "2"]
[White "Castillo Sanjuan, Alejandro"]
[Black "Cerrajeria Ruiz, Jesus Maria"]
[Result "1-0"]
[WhiteElo "1784"]
[BlackElo "2190"]
[PlyCount "61"]
[EventDate "2008.08.23"]
[EventType "swiss"]
[EventRounds "9"]
[EventCountry "ESP"]
[SourceTitle "EXT 2011"]
[Source "ChessBase"]
[SourceDate "2010.11.26"]
[SourceVersion "1"]
[SourceVersionDate "2010.11.26"]
[SourceQuality "1"]

1. d4 Nf6 2. c4 c5 3. d5 b5 4. Nd2 d6 5. e4 g6 6. b3 Bg7 7. Bb2 0-0 8. Ngf3 Qa5 9. Qc2 Na6 10. cxb5 Nb4 11. Qb1 Nxe4 12. Bxg7 Nxd2 13. Nxd2 Kxg7 14. Bc4 Qa3 15. 0-0 Bf5 16. Ne4 e6 17. Rd1 exd5 18. Bxd5 Rae8 19. f3 Re5 20. g4 Nxd5 21. gxf5 gxf5 22. Ng3 f4 23. Ne4 f5 24. Nxd6 Nc3 25. Qc2 Ne2+ 26. Kh1 Nd4 27. Qg2+ Kf6 28. Nc4 Qb4 29. Nxe5 Kxe5 30. Qg7+ Rf6 31. Re1+ 1-0

[Event "ESP-ch U16"]
[Site "Padron"]
[Date "2008.07.23"]
[Round "6"]
[White "Castillo Escario, Yolanda"]
[Black "Castillo Sanjuan, Alejandro"]
[Result "0-1"]
[WhiteElo "1679"]
[BlackElo "1915"]
[PlyCount "82"]
[EventDate "2008.07.20"]
[EventType "swiss"]
[EventRounds "9"]
[EventCountry "ESP"]
[SourceTitle "EXT 2010"]
[Source "ChessBase"]
[SourceDate "2010.11.25"]
[SourceVersion "1"]
[SourceVersionDate "2010.11.25"]
[SourceQuality "1"]

1. e4 c5 2. Nc3 d6 3. Nge2 Nf6 4. g3 g6 5. Bg2 Bg7 6. d4 cxd4 7. Nxd4 0-0 8. 0-0 a6 9. a4 Nc6 10. Nb3 Bg4 11. f3 Bd7 12. Be3 Ne5 13. Nd2 Rc8 14. h3 Nc4 15. Nxc4 Rxc4 16. g4 b5 17. axb5 axb5 18. Ne2 Qc7 19. c3 b4 20. Ra7 Qc8 21. e5 Ne8 22. f4 Bc6 23. Bxc6 Qxc6 24. Bd4 dxe5 25. fxe5 bxc3 26. bxc3 Nc7 27. Ra2 Qb5 28. Qd3 Bxe5 29. Bxe5 Rxg4+ 30. hxg4 Qxd3 31. Bxc7 Qc4 32. Rd2 Qxc7 33. Rfd1 h5 34. gxh5 Qc5+ 35. Kg2 Qxh5 36. Nd4 e5 37. Nc2 Qg5+ 38. Kf2 Qf4+ 39. Kg2 e4 40. Rd4 Rc8 41. c4 Rxc4 0-1

[Event "ESP-ch U14"]
[Site "Padron"]
[Date "2008.07.17"]
[Round "7"]
[White "Prieto Redondo, Guillermo"]
[Black "Castillo Sanjuan, Alejandro"]
[Result "1-0"]
[WhiteElo "1808"]
[BlackElo "1915"]
[PlyCount "83"]
[EventDate "2008.07.13"]
[EventType "swiss"]
[EventRounds "9"]
[EventCountry "ESP"]
[SourceTitle "CBM 125 Extra"]
[Source "ChessBase"]
[SourceDate "2008.09.01"]
[SourceVersion "1"]
[SourceVersionDate "2008.09.01"]
[SourceQuality "1"]

1. d4 Nf6 2. Nf3 g6 3. Bf4 Bg7 4. e3 0-0 5. Be2 d6 6. h3 Nbd7 7. 0-0 b6 8. Bh2 c5 9. c3 Bb7 10. Nbd2 Ne4 11. Qc2 f5 12. Nxe4 fxe4 13. Ng5 Qc8 14. Qb3+ d5 15. Ne6 c4 16. Qa3 Rf7 17. Nc7 Rb8 18. Bg4 e5 19. dxe5 Bf8 20. Qa4 Re7 21. Qd1 Qxc7 22. Bxd7 Rxd7 23. e6 Rd6 24. Qg4 Qe7 25. Rfd1 Rbd8 26. Bxd6 Rxd6 27. b3 b5 28. bxc4 bxc4 29. Rab1 Bc6 30. Rb8 Qxe6 31. Qf4 Qf6 32. Qg3 Rd8 33. Rdb1 Rxb8 34. Rxb8 Kg7 35. Qc7+ Kh6 36. Rxf8 Qxf8 37. Qxc6 Qa3 38. Qf6 Qc1+ 39. Kh2 Qa3 40. g4 Qa4 41. Qf8+ Kg5 42. Qf4+ 1-0

[Event "ESP-ch U14"]
[Site "Padron"]
[Date "2008.07.16"]
[Round "6"]
[White "Castillo Sanjuan, Alejandro"]
[Black "Talavera Garcia, Santiago"]
[Result "1-0"]
[WhiteElo "1915"]
[BlackElo "1777"]
[PlyCount "95"]
[EventDate "2008.07.13"]
[EventType "swiss"]
[EventRounds "9"]
[EventCountry "ESP"]
[SourceTitle "CBM 125 Extra"]
[Source "ChessBase"]
[SourceDate "2008.09.01"]
[SourceVersion "1"]
[SourceVersionDate "2008.09.01"]
[SourceQuality "1"]

1. d4 Nf6 2. c4 g6 3. Nc3 Bg7 4. e4 d6 5. Nf3 0-0 6. Be2 e5 7. 0-0 Nc6 8. d5 Ne7 9. Kh1 a5 10. Rb1 Bd7 11. b3 Ne8 12. Ne1 f5 13. exf5 gxf5 14. f4 Ng6 15. fxe5 dxe5 16. Be3 e4 17. Bd4 Be5 18. Bxe5 Nxe5 19. Qd4 Qe7 20. c5 Rd8 21. Rd1 Bc8 22. Nb5 Rf6 23. Nc2 Bd7 24. Nxc7 Nxc7 25. d6 Qe8 26. dxc7 Rc8 27. Qd5+ Kg7 28. Qxb7 Rc6 29. Bb5 R8xc7 30. Bxc6 Rxb7 31. Bxb7 Qb8 32. Bd5 Qb5 33. Nd4 Qxc5 34. Nxf5+ Bxf5 35. Rxf5 Nd3 36. Bxe4 Nf2+ 37. Kg1 Qxf5 38. Bxf5 Nxd1 39. a3 Nc3 40. b4 Ne2+ 41. Kf2 Nd4 42. Bd3 axb4 43. axb4 h6 44. b5 Kf6 45. b6 Ke6 46. b7 Nc6 47. Be4 Nb8 48. Kg3 1-0

[Event "ESP-ch U16"]
[Site "Padron"]
[Date "2008.??.??"]
[Round "7"]
[White "Castillo Sanjuan, Alejandro"]
[Black "Colon Garcia, Enrique"]
[Result "0-1"]
[WhiteElo "1915"]
[BlackElo "2118"]
[PlyCount "62"]
[EventDate "2008.07.20"]
[EventType "swiss"]
[EventRounds "9"]
[EventCountry "ESP"]
[SourceTitle "EXT 2010"]
[Source "ChessBase"]
[SourceDate "2010.11.25"]
[SourceVersion "1"]
[SourceVersionDate "2010.11.25"]
[SourceQuality "1"]

1. d4 Nf6 2. Nf3 e6 3. c4 b6 4. Nc3 Bb4 5. Bg5 h6 6. Bh4 g5 7. Bg3 Ne4 8. Qc2 Bb7 9. e3 d6 10. Bd3 Bxc3+ 11. bxc3 Nxg3 12. hxg3 Nd7 13. Be4 c6 14. Qa4 g4 15. Nh4 Qc7 16. 0-0 0-0 17. Rad1 b5 18. cxb5 cxb5 19. Qc2 Nf6 20. Bxb7 Qxb7 21. Rb1 Qd5 22. a4 a6 23. axb5 axb5 24. Rb2 Rfc8 25. Ng6 Ra7 26. Nf4 Qc4 27. Rc1 Ra3 28. Qe2 Rxc3 29. Rxc3 Qxc3 30. Rxb5 Qa1+ 31. Qf1 Rc1 0-1